Normal view
MARC view
- Mukerji.S.
Entry Personal Name
001 - CONTROL NUMBER
- control field: 2567
003 - CONTROL NUMBER IDENTIFIER
- control field: OSt
005 - DATE AND TIME OF LATEST TRANSACTION
- control field: 20170125100621.0
008 - FIXED-LENGTH DATA ELEMENTS
- fixed length control field: 170125|| aca||aabn | a|a d
040 ## - CATALOGING SOURCE
- Original cataloging agency: OSt
100 ## - HEADING--PERSONAL NAME
- Personal name: Mukerji.S.